| 000 | 00657nam a2200241Ia 4500 | ||
|---|---|---|---|
| 003 | OSt | ||
| 005 | 20220918223001.0 | ||
| 006 | a|||||r|||| 00| 0 | ||
| 007 | ta | ||
| 008 | 220917b |||||||| |||| 00| 0 eng d | ||
| 024 | _a219,738 | ||
| 037 | _cTextual | ||
| 040 |
_aARTS _cARTS _beng |
||
| 041 |
_2eng _aeng |
||
| 082 | _aO111944,6NDE, P3 | ||
| 100 | _aDeshpande Shashi | ||
| 245 | 0 | _aWriting from the margin and other essays | |
| 260 |
_aNew Delhi _bPenguin India _c2003 |
||
| 300 |
_aix,252p. _ccm. |
||
| 650 | _aENGLISH LITERATURE | ||
| 942 |
_hO111944,6NDE, P3 _cTEXL _2CC |
||
| 999 |
_c277051 _d277051 |
||